| 000 | 00749nam a22002177a 4500 | ||
|---|---|---|---|
| 003 | BD-DhUL | ||
| 005 | 20240430142820.0 | ||
| 008 | 240430s2023 bg ||||| |||| 00| 0 ben | ||
| 020 | _a9789849735847 (hbk) | ||
| 040 |
_aBD-DhUL _cBD-DhUL |
||
| 082 |
_a891.443 _bKHJ |
||
| 100 | 1 | _aখান, ইসহাক | |
| 245 | 0 | 0 |
_aযারা যুদ্ধ করেছিল / _cইসহাক খান। |
| 260 |
_aঢাকা : _bঅন্বয়, _c২০২৩। |
||
| 300 |
_a১৫৯ পৃ. ; _c২১ সেমি. |
||
| 365 |
_aBDT _b400.00 |
||
| 505 | 0 | _a"মুক্তিযুদ্ধের উপন্যাস" | |
| 650 | 4 | _aবাংলা উপন্যাস। | |
| 650 | 4 | _aBengali fiction. | |
| 942 |
_2ddc _cBK |
||
| 999 |
_c259298 _d259298 |
||